|
|
|
|
| LEADER |
00000cam a2200000 7i4500 |
| 001 |
0000002107 |
| 005 |
20021015.0 |
| 020 |
0 |
0 |
|a 1901919447
|
| 090 |
0 |
0 |
|a 333.9595
|b TWE 2002
|
| 245 |
0 |
0 |
|a 21st century Malaysia :
|b challenges and strategies in attaining vision 2020
|c edited by Michael Yeoh
|
| 260 |
0 |
0 |
|a London :
|b ASEAN Academic Press ,
|c 2002
|
| 300 |
|
|
|a 254 p. ;
|c 22 cm.
|
| 500 |
0 |
0 |
|a Includes index
|
| 650 |
0 |
0 |
|a Economic forecasting
|z Malaysia
|
| 650 |
0 |
0 |
|a Information technology
|x Government policy
|z Malaysia
|
| 651 |
0 |
0 |
|a Malaysia
|x Economic policy
|
| 651 |
0 |
0 |
|a Malaysia
|x Politics and government
|
| 700 |
0 |
1 |
|a Yeoh
|h Michael
|
| 998 |
|
|
|a JPSM
|
| 999 |
|
|
|a 0000003421
|b Monograph
|c Open Shelf
|e Default branch
|